| 000 | 01072nam a2200277Ia 4500 | ||
|---|---|---|---|
| 999 |
_c59040 _d59040 |
||
| 003 | GCL | ||
| 005 | 20240530110146.0 | ||
| 008 | 140319s9999 xx 000 0 ara d | ||
| 040 |
_aGCL / _cGCL |
||
| 082 | 0 | 4 |
_a581.03 _bأ م |
| 100 | 0 | _aاحمد محمد الكباريتى | |
| 245 | 1 | 0 |
_aموسوعة الكويت العلمية : قاموس النبات والميكروبيولوجيا : _bعربى : انجليزى / _cاحمد محمد الكباريتى ؛ احمد عبدالفضيل عزة المسلم ، نجاة على الصايغ |
| 250 | _aط.1 | ||
| 260 |
_a[S.N] : _bمؤسسة الكويت للتقدم العلمى ، _c1988 |
||
| 300 | _a377 | ||
| 490 |
_aسلسلة الموسوعات العلمية _v0 |
||
| 650 | 0 | 4 | _aاللغة الفرنسية |
| 650 | 0 | 4 | _aاللغة العربية |
| 650 | 0 | 4 | _aالمعاجم |
| 650 | 0 | 4 | _aاللغة الانجليزية |
| 650 | 0 | 4 | _aالنباتات |
| 700 | 1 | _aاحمد عبدالفضيل | |
| 700 | 1 | _aعزة المسلم | |
| 700 | 1 | _aنجاة على الصانع | |
| 942 |
_2ddc _cBK |
||